تقريب التهذيب / (رقم التسجيلة. 26355)

تفاصيل مارك
000 -LEADER
fixed length control field 00783nam a22002177a 4500
005 - DATE AND TIME OF LATEST TRANSACTION
control field 20251108165355.0
008 - FIXED-LENGTH DATA ELEMENTS--GENERAL INFORMATION
fixed length control field 250721s1975 xx 000 0 ara d
082 14 - DEWEY DECIMAL CLASSIFICATION NUMBER
Classification number م/922.13/حجر
100 1# - MAIN ENTRY--PERSONAL NAME
Personal name العسقلاني، أحمد بن علي إبن حجر
245 10 - TITLE STATEMENT
Title تقريب التهذيب /
250 ## - EDITION STATEMENT
Edition statement ط2
264 1# - PRODUCTION, PUBLICATION, DISTRIBUTION, MANUFACTURE, AND COPYRIGHT NOTICE
Place of production, publication, distribution, manufacture بيروت :
Name of producer, publisher, distributor, manufacturer دار المعرفة للطباعة و النشر،
Date of production, publication, distribution, manufacture, or copyright notice 1975.
300 ## - PHYSICAL DESCRIPTION
Extent
500 ## - GENERAL NOTE
General note تقريب التهذيب مختصر لكتاب تهذيب التهذيب و التهذيب مختصر لكتاب الكمال ...
650 17 - SUBJECT ADDED ENTRY--TOPICAL TERM
Topical term or geographic name as entry element المحدثون
650 17 - SUBJECT ADDED ENTRY--TOPICAL TERM
Topical term or geographic name as entry element رجال الحديث
650 17 - SUBJECT ADDED ENTRY--TOPICAL TERM
Topical term or geographic name as entry element التراجم
700 1# - ADDED ENTRY--PERSONAL NAME
Personal name عبد اللطيف، عبد الوهاب
Relator term تحقيق
942 ## - ADDED ENTRY ELEMENTS (KOHA)
Source of classification or shelving scheme Dewey Decimal Classification
Koha item type مراجع
المقتنيات
حالة السحب حالة الفقدان مصدر التصنيف حالة التلف غير قابل للإعارة المكتبة الرئيسية المكتبة الحالية موقع الرف تاريخ التزويد الرقم المتسلسل Total Checkouts رقم الإستدعاء الباركود تاريخ آخر ظهور تاريخ الفاتورة نوع المادة (كوها)
    Dewey Decimal Classification   Not For Loan مكتبة أم قصير والمقابلين العامة مكتبة أم قصير والمقابلين العامة مراجع 29/10/2014 [ 1255 ]   م/922.13/حجر PLD00356419 28/07/2025 29/10/2014 مراجع
    Dewey Decimal Classification   Not For Loan مكتبة أم قصير والمقابلين العامة مكتبة أم قصير والمقابلين العامة مراجع 29/10/2014 [ 1256 ]   م/922.13/حجر PLD00356420 28/07/2025 29/10/2014 مراجع
    Dewey Decimal Classification   Not For Loan مكتبة الأميرة ايمان العامة مكتبة الأميرة ايمان العامة مراجع 06/07/2004 1439   م/922.13/حجر DUP-01_1439 28/07/2025 06/07/2004 مراجع
    Dewey Decimal Classification   Not For Loan مكتبة وادي السير العامة مكتبة وادي السير العامة مراجع 28/02/2016 [1676]..   م/922.13/حجر PLD00376312 28/07/2025 28/02/2016 مراجع
    Dewey Decimal Classification   Not For Loan مكتبة وادي السير العامة مكتبة وادي السير العامة مراجع 28/02/2016 [1675]....   م/922.13/حجر PLD00376315 28/07/2025 28/02/2016 مراجع
    Dewey Decimal Classification   Not For Loan مكتبة وادي السير العامة مكتبة وادي السير العامة مراجع 28/02/2016 [1673]..   م/922.13/حجر PLD00376316 28/07/2025 28/02/2016 مراجع
    Dewey Decimal Classification   Not For Loan مكتبة وادي السير العامة مكتبة وادي السير العامة مراجع 28/02/2016 [1674]...   م/922.13/حجر PLD00376318 28/07/2025 28/02/2016 مراجع
    Dewey Decimal Classification   Not For Loan مكتبة وادي السير العامة مكتبة وادي السير العامة مراجع 28/02/2016 [1672]....   م/922.13/حجر PLD00376319 28/07/2025 28/02/2016 مراجع
    Dewey Decimal Classification   Not For Loan مكتبة وادي السير العامة مكتبة وادي السير العامة مراجع 28/02/2016 [1671].....   م/922.13/حجر PLD00376320 28/07/2025 28/02/2016 مراجع
    Dewey Decimal Classification     مكتبة وادي السير العامة مكتبة وادي السير العامة الإعارة 02/03/2016 [1678]...   م/922.13/حجر PLD00377552 28/07/2025 02/03/2016 مراجع
    Dewey Decimal Classification   Not For Loan مكتبة وادي السير العامة مكتبة وادي السير العامة مقيد 02/03/2016 [1677]...   م/922.13/حجر PLD00377557 28/07/2025 02/03/2016 مراجع
Implemented & Customized by: BBB with SCIT (Smart Chains for Information Technology)

Powered by Koha